000 00315nam a2200121Ia 4500
008 240731s9999 xx 000 0 und d
022 _a2372-7829
245 0 _aJournal of Child and Adolescent Counseling
260 _bRoutledge
856 _uhttps://www.tandfonline.com/loi/ucac20
942 _2ddc
942 _cTFEJ
999 _c77520
_d77520
945 _a1
_bMadushi Gamage
_c1
_dMadushi Gamage